| 000 | 00421cam a2200169ua 4500 | ||
|---|---|---|---|
| 020 | _a0-85613-459-7 | ||
| 041 |
_aeng _h |
||
| 082 |
_a634 _bMAR/GR |
||
| 100 | _aMartyn , Hall T. | ||
| 245 |
_aGrowing fruit and vegetables / _cMartyn .Thall. _hTextual Documents |
||
| 260 |
_aLondon : _bOrbis publishing , _c1900. |
||
| 300 | _a176 ; . | ||
| 500 | _a**Reference | ||
| 504 | _a | ||
| 942 | _cBK | ||
| 999 |
_c10023 _d10023 |
||